静岡県に所在する大学 - Statistics

General Stats
  • This quiz has been taken 9 times
    8 since last reset
  • The average score is 5 of 14
Answer Stats
Hint Answer % Correct
国立 静岡大学
100%
私立 常葉大学
67%
国立 浜松医科大学
50%
公立 静岡県立大学
50%
私立 聖隷クリストファー大学
50%
私立 静岡産業大学
33%
私立 静岡理工科大学
33%
公立 静岡文化芸術大学
17%
私立 静岡英和学院大学
17%
私立 静岡福祉大学
17%
私立 浜松学院大学
17%
公立 農林環境専門職大学
0%
公立 静岡社会健康医学大学院大学
0%
私立 光産業創成大学院大学
0%
No matching quizzes found
Score Distribution
Percent of People with Each Score
Percentile by Number Answered
Your Score History
You have not taken this quiz since the last reset